[Event "92nd ARG-ch Final 2017"]
[Site "Buenos Aires"]
[Date "2017.10.22"]
[Round "11"]
[White "Dolezal, Cristian"]
[Black "Real De Azua, Ernesto"]
[Result "1/2-1/2"]
[WhiteElo "2426"]
[BlackElo "2484"]
[Annotator "TA"]
[PlyCount "119"]
[EventDate "2017.10.12"]
[EventType "tourn"]
[EventCountry "ARG"]
[SourceTitle "playchess.com"]
[Source "ChessBase"]
[SourceQuality "1"]

{[%evp 15,119,-21,-29,-29,-4,-8,-11,-17,-6,-28,-17,-31,-15,-10,-10,-13,-26,-52,-56,-49,-55,-62,-64,-51,0,0,0,-29,-30,-41,-34,-41,-37,-63,-58,-77,-42,-77,-56,-57,-51,-83,-83,-70,-64,-54,0,-25,-17,-18,0,0,0,0,0,0,0,0,38,54,94,26,39,33,114,47,42,27,25,27,31,27,20,18,19,22,34,37,37,40,29,0,1,0,0,0,0,0,0,0,0,0,0,0,0,0,0,0,0,0,0,0,0,0,0,0]} 1. Nf3 d5 2. b3 Nf6 3. Bb2 e6 4. e3 Be7 5. c4 O-O 6. cxd5 exd5 7. Be2 Bf5 {A13: English Opening: 1...e6} 8. O-O h6 {LiveBook: 3 Games} 9. d3 (9. a3 Re8 10. d3 c6 11. Nbd2 Nbd7 12. b4 a5 13. Bc3 axb4 14. axb4 {1-0 (62) Riazantsev,A (2708)-Rublevsky,S (2695) Khanty-Mansiysk 2013}) 9... Bh7 {Black has an edge.} 10. Nbd2 {[%cal Bb1d2,Bd2f1,Bf1g3][%mdl 32]} a5 $146 ({Predecessor:} 10... Bd6 11. a3 a5 12. Bc3 Qe7 13. Qc1 Nbd7 14. Qb2 Nc5 15. Bxf6 Qxf6 16. Qxf6 gxf6 {½-½ (58) Wirthensohn,H (2392)-Raupp,T (2325) Baden 2010}) 11. a3 Na6 12. Ra2 Re8 13. Re1 Bf8 14. Nf1 Nc5 15. Ng3 Ne6 16. Bxf6 Qxf6 17. d4 Bd6 18. Bd3 Bxd3 19. Qxd3 Bxg3 (19... c6 $15) 20. hxg3 $11 c6 21. Rb1 Nc7 22. b4 a4 23. Ne5 Nb5 24. Qc2 Nd6 25. Rc1 Qd8 26. Nd3 h5 27. Qd1 h4 28. gxh4 Qxh4 29. g3 Qg5 30. Qf3 Nc4 (30... g6 $15) 31. b5 cxb5 {[%cal Rc4e3]} 32. Nf4 Re4 33. Rb1 Nd6 34. Qh5 $36 {[%mdl 2048] White has the initiative.} Qxh5 35. Nxh5 Rc8 36. Nf4 Rxf4 37. gxf4 {[%mdl 4096] Endgame KRR-KRN} f6 38. Kf1 (38. Raa1 $16) 38... Kf7 39. Ke2 Ne4 {[#]} (39... Rc3 $14) 40. Rab2 ({White should try} 40. Kf3 $1 $16 Nd6 41. f5) 40... Nc3+ $14 41. Kd3 Nxb1 42. Rxb1 $11 {KR-KR} Ke6 43. Rxb5 Rc1 44. f5+ Kxf5 45. Rxd5+ Kg6 46. Ra5 b5 $1 47. Rxb5 {[#] Threatens to win with Rb4.} Ra1 48. d5 Rxa3+ {The position is equal.} 49. Kd4 Ra2 50. f4 Kf5 51. Ra5 a3 52. Kc5 g5 {aiming for ...g4.} 53. fxg5 fxg5 54. Kd6 g4 55. Ke7 {And now d6+ would win.} g3 {...g2 is the strong threat.} 56. d6+ Ke4 {Hoping for ...g2.} 57. d7 Rd2 58. Rxa3 g2 59. Ra4+ Kxe3 60. Rg4 {Precision: White = 52%, Black = 66%.} 1/2-1/2

[Event "92nd ARG-ch Final 2017"]
[Site "Buenos Aires"]
[Date "2017.10.22"]
[Round "11"]
[White "Acosta, Pablo Ismael"]
[Black "Sosa, Tomas"]
[Result "1/2-1/2"]
[WhiteElo "2409"]
[BlackElo "2466"]
[Annotator "TA"]
[PlyCount "54"]
[EventDate "2017.10.12"]
[EventType "tourn"]
[EventCountry "ARG"]
[SourceTitle "playchess.com"]
[Source "ChessBase"]
[SourceQuality "1"]

{[%evp 11,54,32,44,-8,-8,-10,-15,-12,-12,-12,-12,-19,-12,-13,-5,-13,-10,-3,0,-1,0,-9,-17,-9,0,-24,0,0,0,0,26,26,40,0,0,0,0,0,0,0,0,0,0,0,0]} 1. d4 Nf6 2. c4 d6 3. Nc3 Nbd7 4. Nf3 g6 5. e4 e5 6. dxe5 dxe5 7. Bg5 {E61: King's Indian: Early deviations for White, including Smyslov System} (7. a3 $14) (7. Qc2 c6 8. Be2 Qc7 9. a3 Nc5 10. b4 Ne6 11. Bb2 Bg7 12. Na4 Nh5 13. g3 O-O 14. O-O b6 {0-1 (41) Ynojosa Aponte,F (2415)-Shabalov,A (2520) Greensboro 2015}) 7... h6 $11 8. Bh4 Bg7 9. Nxe5 $146 ({Predecessor:} 9. Be2 O-O 10. Qc2 c6 11. O-O g5 12. Bg3 Nh5 13. Bxe5 Nxe5 14. Nxe5 Bxe5 15. Bxh5 g4 16. f4 Bd4+ 17. Kh1 Qh4 18. Ne2 c5 19. Ng3 Bd7 20. Rad1 Rad8 {0-1 (39) Kaloskambis,M (2213)-Mastrokoukos,G (2357) Chalkidiki 2002}) 9... Nxe5 10. Qxd8+ Kxd8 11. O-O-O+ Bd7 {And now ...g5 would win.} 12. f4 {[#]} g5 $1 13. fxe5 (13. fxg5 hxg5) 13... gxh4 14. exf6 Bxf6 15. Be2 {Bg4 is the strong threat.} Ke8 16. Nd5 $132 {[%mdl 2048] White is fighting back} Be5 17. Rhf1 Be6 18. Nf4 Ke7 19. Nd5+ Kf8 20. Nf4 {[#] Black must now prevent Ng6+.} Bxf4+ (20... Kg7 {feels hotter.} 21. Nxe6+ fxe6 22. Bh5 Rhf8 23. Rd7+ Kh8) 21. Rxf4 Rg8 22. Bf1 (22. Rg1 {keeps more tension.} h3 23. g3 Rg5 24. Rd1 b6 25. Kc2) 22... Rg4 {The position is equal.} 23. Rxg4 Bxg4 24. Rd4 Re8 25. Bd3 Re5 26. Rd8+ Re8 27. Rxe8+ Kxe8 {Precision: White = 65%, Black = 77%.} 1/2-1/2

[Event "92nd ARG-ch Final 2017"]
[Site "Buenos Aires"]
[Date "2017.10.22"]
[Round "11"]
[White "Cuberli, Emiliano"]
[Black "Flores, Diego"]
[Result "0-1"]
[WhiteElo "2248"]
[BlackElo "2574"]
[Annotator "TA"]
[PlyCount "54"]
[EventDate "2017.10.12"]
[EventType "tourn"]
[EventCountry "ARG"]
[SourceTitle "playchess.com"]
[Source "ChessBase"]
[SourceQuality "1"]

{[%evp 12,54,0,0,37,38,42,5,11,10,46,37,35,33,36,-16,0,0,0,0,29,-56,-53,-60,-60,-61,-58,-55,-45,-53,-54,-152,-156,-178,-187,-241,-259,-335,-343,-372,-339,-337,-343,-348,-333]} 1. c4 c5 2. Nf3 g6 3. g3 Bg7 4. Bg2 Nc6 5. O-O e6 6. e3 Nge7 7. d4 {[%cal Bd2d4,Bd4d5][%mdl 32] LiveBook: 25 Games. A30: Symmetrical English: Double Fianchetto and Hedgehog} O-O (7... cxd4 8. Nxd4 d5 9. cxd5 Nxd4 10. exd4 Nxd5 11. Nc3 O-O 12. Nxd5 exd5 13. Be3 {½-½ (13) Vajda,L (2596)-Areshchenko,A (2675) Hungary 2017}) 8. d5 $146 ({Predecessor:} 8. dxc5 Qa5 9. Nc3 Qxc5 10. Qe2 d5 11. cxd5 Nxd5 12. Bd2 Bxc3 13. Rfc1 Qe7 14. bxc3 e5 {0-1 (55) Vega Viejo,M (2226)-Bruzon Batista,L (2488) Candas 1999}) 8... Na5 9. Nfd2 {White is slightly better.} Rb8 10. Na3 exd5 11. cxd5 b5 12. Rb1 b4 13. Nac4 ({White should play} 13. Nc2 $14) 13... Ba6 $36 {[%mdl 2048] White is under pressure.} 14. b3 Nc8 {[%cal Be7c8,Bc8b6,Bb6c4][%mdl 32]} 15. Qc2 Nxc4 16. Nxc4 ({White should try} 16. bxc4 $11 Qa5 17. Nb3) 16... Nb6 $15 17. Rd1 Bxc4 18. bxc4 d6 19. h4 Re8 20. h5 Qd7 21. Bf3 {[#]} (21. Bf1 $15) 21... Nxc4 $1 $17 {[%mdl 512]} 22. hxg6 (22. Qxc4 Qf5) 22... hxg6 23. Qxc4 (23. e4 $142 Ne5 24. Be2) 23... Qf5 $1 $19 {[%csl LRb1,LRf3]} 24. Kg2 {Black must now prevent e4.} Qxb1 25. e4 {If only White now had time for Bf4....} b3 26. axb3 Qxb3 27. Qa6 Qb6 {Precision: White = 42%, Black = 69%.} 0-1

[Event "92nd ARG-ch Final 2017"]
[Site "Buenos Aires"]
[Date "2017.10.23"]
[Round "12"]
[White "Mareco, Sandro"]
[Black "Villanueva, Mario"]
[Result "1/2-1/2"]
[WhiteElo "2644"]
[BlackElo "2451"]
[Annotator "TA"]
[PlyCount "73"]
[EventDate "2017.10.12"]
[EventType "tourn"]
[EventCountry "ARG"]
[SourceTitle "playchess.com"]
[Source "ChessBase"]
[SourceQuality "1"]

{[%evp 23,73,0,0,0,21,29,46,44,29,0,0,-7,0,0,0,-5,-6,0,0,0,-3,-2,165,165,141,144,192,73,112,0,25,38,156,70,80,52,147,132,139,125,183,152,164,0,0,0,0,0,0,-14,-7,-14]} 1. Nf3 Nf6 2. g3 d5 3. Bg2 e6 4. c4 d4 5. O-O c5 6. e3 Nc6 7. exd4 cxd4 8. d3 Bd6 {A13: English Opening: 1...e6} 9. Na3 (9. a3 a5 10. Bg5 h6 11. Bxf6 Qxf6 12. Nbd2 Qe7 13. Ne4 Bc7 14. b4 axb4 15. axb4 Rxa1 16. Qxa1 Qxb4 {½-½ (30) Nakamura,H (2792)-Fedoseev,V (2731) Tbilisi 2017}) 9... e5 10. Nc2 O-O 11. b4 Re8 12. Re1 a6 {[%cal Ba7a6,Ba6a5,Ba5b4][%mdl 32] LiveBook: 3 Games} 13. Bg5 Bd7 $146 ({Predecessor:} 13... Bf5 14. Nh4 Bd7 {0-1 (45) Kretzschmar,G-Stroup,J ICCF email 2014}) 14. c5 Bf8 15. a4 h6 16. Bd2 {With the idea b5.} (16. Bxf6 $5 Qxf6 17. Nd2 $14) 16... Qc7 17. Na3 a5 18. b5 $36 {[%mdl 2048] White is more active.} Nb4 19. Bxb4 axb4 20. Nc4 {aiming for c6.} e4 21. dxe4 {[%cal Bd3e4,Be4e5][%mdl 32] Black must now prevent Nd6.} Bxc5 22. Qd3 b6 $2 (22... Be6 $11 {and Black has nothing to worry.}) 23. e5 $18 ({Worse is} 23. Nxd4 Rad8 $15) 23... Nh7 24. Nfd2 ({Don't play} 24. Nxd4 $6 Rad8 $11) 24... Rad8 25. Ne4 (25. f4 $18 {is more deadly.}) 25... Bf5 26. Nf6+ (26. f4 $16) 26... Nxf6 (26... gxf6 {is more complex.} 27. Qxf5 d3 28. Be4 Ng5 29. Bxd3 fxe5 30. Be2 Re6) 27. Qxf5 Qd7 ({Black should try} 27... Nd5 $1 $14) 28. Qxd7 (28. Qd3 $1 $16 Nd5 29. a5) 28... Nxd7 $14 29. f4 f6 {[#]} (29... g5 $14) 30. e6 $1 $16 {[%cal Re6d7]} d3+ {[%cal Bd4d3,Bd3d2][%mdl 32]} 31. Kf1 Nf8 (31... Nb8 $16) 32. f5 g6 {[#]} 33. Be4 $2 (33. e7 $1 $18 {[%mdl 512]} Rxe7 (33... Bxe7 34. Bc6) 34. Rxe7 Bxe7 35. Nxb6) 33... d2 {The position is equal.} 34. Red1 gxf5 35. Bxf5 Rd5 36. Bc2 Nxe6 37. Rxd2 {Precision: White = 51%, Black = 35%.} 1/2-1/2

[Event "92nd ARG-ch Final 2017"]
[Site "Buenos Aires"]
[Date "2017.10.23"]
[Round "12"]
[White "Perez Ponsa, Federico"]
[Black "Acosta, Pablo Ismael"]
[Result "1/2-1/2"]
[WhiteElo "2594"]
[BlackElo "2409"]
[Annotator "TA"]
[PlyCount "67"]
[EventDate "2017.10.12"]
[EventType "tourn"]
[EventCountry "ARG"]

{[%evp 25,67,20,28,22,59,55,49,54,47,33,54,21,44,45,45,40,38,18,22,0,0,0,43,40,21,0,75,31,22,0,0,0,0,0,0,0,0,-101,-95,-196,-214,-304,-285,-294]} 1. e4 c5 2. Nf3 d6 3. d4 cxd4 4. Nxd4 Nf6 5. Nc3 g6 6. Be3 Bg7 7. f3 O-O 8. Qd2 Nc6 9. O-O-O d5 10. Qe1 e5 11. Nxc6 bxc6 12. exd5 Nxd5 13. Bc4 Be6 14. Kb1 {B76: Sicilian Dragon: Yugoslav Attack, 9 g4 and 9 0-0-0} Rb8 (14... Re8 15. h4 Qc7 16. Nxd5 cxd5 17. Bxd5 Bxd5 18. Rxd5 e4 19. fxe4 Rxe4 20. Qd2 Bxb2 21. Kxb2 Qb7+ {½-½ (54) Navara,D (2735)-Edouard,R (2641) Drancy 2016}) 15. Ne4 Qc7 16. Bc5 {White is slightly better.} Rfd8 17. h4 h6 18. g4 {[%cal Bg2g4,Bg4g5][%mdl 32]} a5 19. g5 {[#] And now h5 would win.} h5 20. a4 Bf8 $146 {White should prevent ...Bxc5.} ({Predecessor:} 20... Qb7 21. b3 Ra8 {1-0 (49) Wei,Y (2604)-Yankovsky,R (2425) Las Vegas 2013}) 21. Bxf8 Kxf8 22. Qf2 Qe7 23. Bb3 Nf4 24. Bxe6 Nxe6 25. c3 Rb7 (25... Kg7 $11 {keeps the balance.}) 26. Rxd8+ Qxd8 27. Nf6 Qd3+ 28. Qc2 Qxf3 29. Re1 Qg3 30. Qd2 Kg7 31. Qe3 (31. Ne8+ $11 {remains equal.} Kh7 32. Nf6+ Kh8 33. Rd1) 31... Qxh4 $17 32. Ne8+ (32. Qxe5 $17 Qxg5 33. Nxh5+ Kf8 34. Qd6+ (34. Qh8+ $2 Ke7 $19) 34... Kg8 35. Ng3) 32... Kg8 33. Nf6+ (33. Nd6 $142 Rd7 34. Ne8) 33... Kh8 $19 34. Ne4 {[%mdl 32768] Precision: White = 44%, Black = 51%. . An unexpected result.} 1/2-1/2

[Event "92nd ARG-ch Final 2017"]
[Site "Buenos Aires"]
[Date "2017.10.23"]
[Round "12"]
[White "Flores, Diego"]
[Black "Slipak, Sergio"]
[Result "1-0"]
[WhiteElo "2574"]
[BlackElo "2437"]
[Annotator "TA"]
[PlyCount "95"]
[EventDate "2017.10.12"]
[EventType "tourn"]
[EventCountry "ARG"]

{[%evp 18,95,10,13,41,42,43,7,20,11,20,13,16,5,16,14,14,8,30,35,33,40,46,47,46,48,55,46,53,37,88,96,89,99,111,100,112,122,221,211,270,262,245,236,212,220,279,232,235,228,231,227,231,238,275,270,254,246,311,315,299,253,470,458,661,638,895,894,717,665,1592,1385,12834,5989,5608,6219,5820,2422,1883,1806]} 1. Nf3 d5 2. g3 g6 3. Bg2 Bg7 4. O-O Nf6 5. c4 c6 6. b3 O-O 7. Bb2 a5 8. Nc3 Ne4 {A11: English Opening: 1...c6} 9. Na4 Bxb2 10. Nxb2 {LiveBook: 6 Games} Qd6 $146 {The position is equal.} ({Predecessor:} 10... Na6 11. d3 Nf6 12. cxd5 Nxd5 13. Qd2 Bg4 14. Nc4 Bxf3 15. Bxf3 Nc5 16. d4 {½-½ (72) Anton Guijarro,D (2650)-Vidit,S (2689) Doha 2016}) 11. d3 Nf6 12. Na4 Bg4 13. Rc1 Bxf3 14. Bxf3 Nbd7 15. Bg2 e5 16. cxd5 Nxd5 17. d4 N5f6 18. dxe5 Qxe5 19. Qc2 Rfe8 20. e3 h5 21. Rfd1 h4 22. Rd4 hxg3 23. hxg3 Nf8 (23... Qe7 $14) 24. Nb6 $16 Rad8 25. Nc4 Qe7 26. Rxd8 Rxd8 27. Nxa5 Ne6 {[#]} (27... Rd7 $16) 28. Bxc6 $1 $18 {[%mdl 512]} Qb4 {Threatens to win with ...Rd2.} (28... bxc6 29. Nxc6) 29. Nxb7 Rd2 30. Qc3 Qxc3 31. Rxc3 Ng4 32. f3 {[%cal Bf2f3,Bf3f4][%mdl 32]} Ne5 33. f4 Nxc6 34. Rxc6 Rxa2 35. Nc5 Nxc5 36. Rxc5 {[%mdl 4096] Endgame KR-KR} Rb2 37. Rc3 f5 38. Kf1 Kg7 {[#]} 39. Ke1 $1 Kh6 $2 (39... Kf7 40. Kd1 Ke7) 40. Kd1 {White is clearly winning.} Kh5 (40... Ra2 $142 41. Rc6 Kh5) 41. Kc1 Rh2 42. b4 Kg4 43. b5 Kxg3 44. b6 Rh8 45. b7 (45. Rb3 $142 Rb8 46. Kc2) 45... Rb8 46. Rc7 Kf3 47. Kd2 (47. Re7 $142 Kg4 48. Kd2) 47... Ke4 48. Rd7 {Precision: White = 74%, Black = 33%.} 1-0

[Event "92nd ARG-ch Final 2017"]
[Site "Buenos Aires"]
[Date "2017.10.23"]
[Round "12"]
[White "Pichot, Alan"]
[Black "Dolezal, Cristian"]
[Result "1/2-1/2"]
[WhiteElo "2571"]
[BlackElo "2426"]
[Annotator "TA"]
[PlyCount "74"]
[EventDate "2017.10.12"]
[EventType "tourn"]
[EventCountry "ARG"]

{[%evp 31,74,45,55,28,31,28,29,33,26,11,2,0,0,-16,-21,-24,0,-175,-180,-155,-142,-147,-154,-227,-231,-366,-352,-350,-329,-299,0,0,0,0,0,0,0,0,0,0,0,0,0,0,0]} 1. e4 e5 2. Nf3 Nc6 3. Bb5 a6 4. Ba4 Nf6 5. O-O Be7 6. Re1 b5 7. Bb3 d6 8. c3 O-O 9. h3 Na5 10. Bc2 c5 11. d4 Qc7 12. Nbd2 Nc6 13. d5 Nd8 14. a4 Rb8 15. axb5 axb5 16. b4 Nb7 {LiveBook: 10 Games. C98: Closed Ruy Lopez: Chigorin Defence: 11 d4 Qc7 12 Nbd2 Nc6} 17. Nb3 (17. Nf1 Bd7 18. Bd2 Ra8 19. Ne3 Rfb8 20. Bd3 c4 21. Bc2 Rxa1 22. Qxa1 Qc8 23. Qb2 Ra8 24. Ra1 {½-½ (120) Neiksans,A (2624)-Stern,R (2521) Germany 2017}) 17... Bd7 18. Be3 $146 ({Predecessor:} 18. Bd2 Rfc8 19. bxc5 Nxc5 20. Nxc5 dxc5 21. Qc1 Ra8 22. Qb2 Qd6 23. Bg5 Ne8 24. Be3 {½-½ (24) Weissleder,W (2350)-Chuikov,N (2360) ICCF corr 1996}) 18... Ra8 {White has an edge.} 19. Qe2 Rfc8 20. bxc5 dxc5 21. Nbd2 {[%cal Bb3d2,Bd2f1,Bf1g3][%mdl 32]} c4 22. Nf1 Ne8 23. Ng3 g6 24. Nxe5 $2 (24. Reb1 $11) 24... Qxe5 25. Bd4 Qf4 26. e5 Bc5 27. Rad1 {[#]} (27. Qe3 $17 {keeps fighting.} Qxe3 28. fxe3) 27... Ra2 $1 $19 28. e6 (28. Rd2 $142) 28... fxe6 29. dxe6 Bc6 30. e7 {[#]} Bxd4 $2 ({Black should play} 30... Rc7 $1 $19 {[%cal Rc7e7]} 31. Qe6+ Qf7 32. Qxf7+ Kxf7) 31. Rxd4 $11 {The position is equal.} Qf6 {Hoping for ...Rc7.} 32. Qg4 $1 $36 {[%mdl 2048] White is pushing.} Rxc2 33. Rf4 {[#]} Bd7 $1 {[%cal Rd7g4]} 34. Qf3 $1 (34. Qxd7 Qxf4) 34... Bc6 ({Don't play} 34... Rxc3 $6 35. Qd5+ Kg7 36. Rxf6 $18) 35. Qg4 $1 {[#]} Bd7 $1 {[%cal Rd7g4]} 36. Qf3 $1 (36. Qxd7 Qxf4) 36... Bc6 ({Avoid the trap} 36... Rxc3 $2 37. Qd5+ Kg7 38. Rxf6 $16) 37. Qg4 $1 {[#]} Bd7 $1 {Precision: White = 46%, Black = 82%.} 1/2-1/2

[Event "92nd ARG-ch Final 2017"]
[Site "Buenos Aires"]
[Date "2017.10.23"]
[Round "12"]
[White "Krysa, Leandro"]
[Black "Real De Azua, Ernesto"]
[Result "1/2-1/2"]
[WhiteElo "2545"]
[BlackElo "2484"]
[Annotator "TA"]
[PlyCount "58"]
[EventDate "2017.10.12"]
[EventType "tourn"]
[EventCountry "ARG"]
[SourceTitle "playchess.com"]
[Source "ChessBase"]
[SourceQuality "1"]

{[%evp 16,58,18,23,29,24,28,6,8,0,0,-12,-6,-52,2,-31,-34,-34,-31,-31,-19,-24,-22,-51,-50,-52,-52,-52,-50,-54,-50,-54,-47,-54,-54,-54,0,-8,0,-3,-10,-14,0,0,0]} 1. d4 f5 2. c4 Nf6 3. Nc3 e6 4. Nf3 Bb4 5. Qb3 a5 6. g3 b6 7. Bg2 Bb7 8. O-O O-O {A10: English Opening: Unusual Replies for Black} 9. Rd1 {LiveBook: 13 Games} (9. Bg5 h6 10. Bxf6 Rxf6 11. Rfd1 Kh8 12. d5 exd5 13. Nxd5 Bxd5 14. cxd5 Na6 15. a3 Bd6 16. Qc4 {1-0 (63) Vachier Lagrave,M (2686)-Vaisser,A (2556) Pau 2012}) 9... Qc8 10. Bg5 Bxc3 $146 {White has an edge.} ({Predecessor:} 10... Ne4 11. Nxe4 Bxe4 12. Bf1 h6 13. Be3 c5 14. dxc5 Nc6 15. Rd6 Bxc5 16. Bxc5 bxc5 {1-0 (39) Ostmoe,G (2443)-Gronn,A (2378) Oslo 2011}) 11. Qxc3 Ne4 12. Qc1 d6 13. d5 Na6 14. Nd4 Nac5 (14... exd5 $15 15. Bf4 dxc4) 15. dxe6 (15. Be3 {feels hotter.} e5 16. Nb5 Ba6 17. f3 Nf6 18. Bh3) 15... Nxe6 16. Be3 Nxd4 17. Rxd4 Qe6 18. b3 h6 19. Qf1 g5 20. Bxe4 Bxe4 21. f3 Bc6 22. Rd3 Rae8 23. Re1 Kh7 24. Bd4 Qg6 25. Qf2 Re6 26. Re3 $1 {The position is equal.} Rxe3 27. Qxe3 Re8 28. Qd2 g4 29. Bc3 gxf3 {Precision: White = 53%, Black = 68%.} 1/2-1/2

[Event "92nd ARG-ch Final 2017"]
[Site "Buenos Aires"]
[Date "2017.10.23"]
[Round "12"]
[White "Sosa, Tomas"]
[Black "Cuberli, Emiliano"]
[Result "1-0"]
[WhiteElo "2466"]
[BlackElo "2248"]
[Annotator "TA"]
[PlyCount "85"]
[EventDate "2017.10.12"]
[EventType "tourn"]
[EventCountry "ARG"]

{[%evp 18,85,37,19,40,1,23,-17,-5,-17,46,-28,-29,-29,88,82,92,109,108,103,106,100,120,133,126,101,119,111,168,172,183,176,200,188,195,154,180,154,177,175,402,4,14,-133,113,110,188,139,129,0,46,-75,-80,-66,-41,-22,-53,-32,-38,-37,183,189,586,583,787,773,737,745,1540,1504]} 1. e4 e5 2. Nf3 Nc6 3. Bb5 {[%cal Bf1b5,Bb5a4,Ba4b3,Bb3a2][%mdl 32]} a6 4. Ba4 Nf6 5. O-O Be7 6. d3 b5 7. Bb3 O-O 8. a4 Bb7 9. Re1 d6 10. Nbd2 {LiveBook: 391 Games} Nd4 {C88: Closed Ruy Lopez: Anti-Marshall Systems} (10... Qd7 11. Nf1 Nd8 12. Ng3 Ne6 13. Ba2 c5 14. c3 Rfe8 15. h3 Bf8 16. Ng5 d5 17. Nxe6 Qxe6 18. Bg5 Nd7 19. Qg4 c4 20. exd5 Bxd5 21. Bb1 {½-½ (21) Jakovenko,D (2718)-Svetushkin,D (2573) Minsk 2017}) 11. Ba2 Nd7 $146 ({Predecessor:} 11... Ne6 12. Nf1 c5 13. Ng3 g6 14. h3 Nf4 15. Nh2 d5 16. exd5 N6xd5 17. Nf3 f6 18. Bxf4 exf4 {1-0 (55) Petkova,V (1959)-Vladimirova,M (1992) Pleven 2006}) 12. Nf1 Nxf3+ {The position is equal.} 13. Qxf3 Bg5 (13... bxa4 $11 14. Ng3 Bg5) 14. Be3 (14. Bxg5 $14 Qxg5 15. Qh3) 14... bxa4 $11 15. Qg4 Bf4 (15... Bxe3 $11 16. Nxe3 Rb8) 16. Bxf4 $16 exf4 17. Qxf4 Bc6 18. Qd2 Qf6 19. d4 Rfe8 20. Ng3 Rab8 21. c3 {[%cal Bc2c3,Bc3c4][%mdl 32]} Rb6 22. f4 Qd8 (22... Reb8 $16) 23. Re2 $18 Bb5 24. c4 Bc6 25. Rf1 Ba8 26. Qc3 Qh4 27. Rf3 c5 28. d5 g6 $2 {[#]} (28... Bb7 29. Qxg7+ (29. Nf5 Qf6 $14) 29... Kxg7 30. Nf5+ Kh8 31. Nxh4 Bc8) 29. Qa5 $2 (29. Nf5 $1 $18 {[%csl Gf5][%cal Rc3g7][%mdl 512]} Qf6 (29... gxf5 30. Rg3+) 30. Nh6+ Kf8 31. e5 $1 {[%mdl 512]}) 29... Rb4 $11 30. Qxa6 (30. Qc7 $11 Qd8 31. Qxd8 Rxd8 32. e5) 30... Nb6 $2 (30... Qd8 $1 $17 {and life is bright. Strongly threatening ...Bb7.} 31. e5 dxe5 32. fxe5 Rxe5 33. Rxe5 Nxe5) 31. e5 $1 $16 dxe5 (31... f5 $16 32. Qa7 Qe7 33. Qxe7 Rxe7) 32. Ne4 exf4 33. Qa7 (33. Nf6+ $6 Qxf6 34. Rxe8+ Kg7 $11) (33. g3 $1 $16 {[%cal Rg3h4]} Qe7 34. Nf6+ $1 {[%mdl 512]} (34. gxf4 Kg7 $17) (34. Rxf4 Kh8 $16) 34... Qxf6 35. Rxe8+ Kg7 36. Rxf4 Qxb2 37. Rf2 Qa1+ 38. Kg2) 33... Kg7 {And now ...Qe7 would win.} (33... Bxd5 $5 34. cxd5 Rbxe4 35. Rxe4 Rxe4 36. Qxb6 Qe1+ 37. Rf1 Qe3+ 38. Kh1 Qf2 $11) 34. Qc7 (34. Rh3 $14 Rxe4 35. Rxe4 (35. Rxh4 Rxe2 36. h3 Rexb2 $11)) 34... Nxd5 $1 $17 35. Qxc5 Nf6 36. Qxb4 Bxe4 37. Rf1 $1 f3 38. gxf3 Bxf3 $2 (38... Qg5+ $15 {stays ahead.} 39. Rg2 Qe3+ 40. Rff2 Rd8 41. Qxa4 {[#]} Ng4 $1 {[%mdl 512]}) 39. Rxe8 $18 {[%csl Ge8][%cal Rb4f8]} Qg4+ $2 (39... Qd4+ 40. Rf2 Nxe8) 40. Kf2 {[%csl Ge8][%cal Rb4f8] White is clearly winning.} Qg2+ 41. Ke1 {[%csl Ge8][%cal Rb4f8]} Nxe8 42. Qc3+ Nf6 43. Rxf3 {Precision: White = 53%, Black = 33%.} 1-0

[Event "92nd ARG-ch Final 2017"]
[Site "Buenos Aires"]
[Date "2017.10.23"]
[Round "12"]
[White "Pierrot, Facundo"]
[Black "Valerga, Diego"]
[Result "1/2-1/2"]
[WhiteElo "2405"]
[BlackElo "2452"]
[Annotator "TA"]
[PlyCount "54"]
[EventDate "2017.10.12"]
[EventType "tourn"]
[EventCountry "ARG"]
[SourceTitle "playchess.com"]
[Source "ChessBase"]
[SourceQuality "1"]

{[%evp 18,54,20,17,29,20,22,10,28,14,30,22,27,18,47,35,50,30,36,31,36,0,3,18,15,10,14,0,38,31,29,41,40,19,18,0,60,0,18]} 1. e4 Nf6 2. e5 Nd5 3. d4 d6 4. Nf3 g6 5. Bc4 Nb6 6. Bb3 Bg7 7. O-O O-O 8. h3 Nc6 {B04: Alekhine's Defence: 4 Nf3} 9. exd6 cxd6 10. Re1 {LiveBook: 10 Games} d5 (10... Bf5 11. c3 e5 12. Be3 Qc7 13. Na3 a6 14. dxe5 Nxe5 15. Nd4 Bd7 16. Qd2 Rfe8 17. Bh6 {1-0 (40) Grischuk,A (2747)-Bortnyk,O (2579) ICC INT 2016}) 11. c3 Bf5 12. Bg5 {[%cal Bc1g5,Bg5h4,Bh4g3][%mdl 32]} f6 $146 ({Predecessor:} 12... Re8 13. Nbd2 Rc8 14. Qe2 Na5 15. Qb5 Nac4 16. Bxc4 dxc4 17. Ne4 {1-0 (32) Royset,P (2216)-Snellingen,J (2061) Stavanger 2017}) 13. Bh4 g5 14. Bg3 e6 15. Nbd2 {[%cal Bb1d2,Bd2f1,Bf1e3][%mdl 32]} Na5 16. Bc2 Qd7 17. Nf1 Rac8 18. Ne3 Be4 19. Nd2 Bxc2 20. Nxc2 Nac4 21. Nxc4 Nxc4 22. Rb1 Rfe8 23. Ne3 Qf7 24. Nxc4 Rxc4 25. f4 gxf4 26. Bxf4 Rc6 (26... e5 $11 27. Be3 b6) 27. Qd2 ({Better is} 27. Rf1 $14) 27... e5 {Precision: White = 51%, Black = 37%.} 1/2-1/2

[Event "92nd ARG-ch Final 2017"]
[Site "Buenos Aires"]
[Date "2017.10.24"]
[Round "13"]
[White "Real De Azua, Ernesto"]
[Black "Pichot, Alan"]
[Result "1/2-1/2"]
[WhiteElo "2484"]
[BlackElo "2571"]
[Annotator "TA"]
[PlyCount "25"]
[EventDate "2017.10.12"]
[EventType "tourn"]
[EventCountry "ARG"]
[SourceTitle "playchess.com"]
[Source "ChessBase"]
[SourceQuality "1"]

{[%evp 9,17,6,12,6,14,7,25,33,26,27]} 1. d4 Nf6 2. Nf3 e6 3. Bf4 Be7 4. h3 O-O 5. e3 b6 6. Nbd2 {A46: 1 d4 Nf6 2 Nf3 e6: Torre, London and Colle Systems} c5 7. c3 Ba6 8. Bxa6 Nxa6 9. O-O {Predecessor:} Qc8 $146 10. a4 Qb7 11. Qe2 Rfc8 12. Bg5 h6 13. Bh4 {½-½ (55) Kamsky,G (2670)-Dominguez Perez,L (2732) Sochi 2016} 1/2-1/2